000 01404nam a22003017a 4500
001 4850
003 FISKH
005 20241017162510.0
008 241017b cb ||||| |||| 00| 0 eng d
020 _a9780194789110
040 _aFISKH
_beng
_cFISKH
_dFISKH
050 _aPE1126.A4
082 _a428
100 _aVicary, Tim
245 _aMutiny on the Bounty /
_cby Tim Vicary
250 _aFirst published in Oxford Bookworms 1994
260 _aNew York :
_bOxford University Press ;
_c2008.
300 _a56 pages :
_billustrations ;
_c21 cm .
490 _aOxford Bookworms
_vStage 1
505 _aH
520 _aThis award-winning collection of adapted classic literature and original stories develops reading skills for low-beginning through advanced students. Accessible language and carefully controlled vocabulary build students' reading confidence. Introductions at the beginning of each story, illustrations throughout, and glossaries help build comprehension. Before, during, and after reading activities included in the back of each book strengthen student comprehension. Audio versions of selected titles provide great models of intonation and pronunciation of difficult words.
521 8 _a430
_bLexile
521 8 _aH
_bRaz-Plus
650 _aadventure
_vfiction
700 _aBasssett, Jennifer
_eSeries Editor
942 _2ddc
_cBK
_n0
999 _c4850
_d4850